Guess the Green Day Song #5: Medium - Statistics

General Stats
  • This quiz has been taken 98 times
  • The average score is 140 of 338
Answer Stats
lyric % Correct
I
99%
I'm
99%
I've
99%
a
93%
Oh
78%
the
72%
you
71%
an
61%
in
59%
on
55%
Am
52%
Just
48%
and
46%
And
46%
So
46%
Are
45%
it
43%
walked
42%
my
41%
My
41%
to
41%
for
36%
time
36%
like
35%
that
35%
that's
35%
'Cause
33%
comin'
33%
from
30%
home
30%
all
29%
last
29%
son
29%
was
28%
lookin'
26%
still
26%
way
26%
As
25%
been
25%
breathin'
25%
find
25%
first
25%
off
25%
alive
23%
own
23%
child
22%
his
22%
life
22%
runnin'
22%
away
20%
keepin'
20%
loser
20%
Makin'
20%
makin'
20%
soldier
20%
above
19%
ambulance
19%
bettin'
19%
far
19%
father
19%
head's
19%
heads
19%
horizon
19%
into
19%
landmine
19%
light
19%
mother
19%
rain
19%
scared
19%
sirens
19%
together
19%
turnin'
19%
without
19%
across
17%
barely
17%
bleedin'
17%
bullet
17%
dime
17%
dodged
17%
junkie
17%
out
17%
raised
17%
roses
17%
shine
17%
storm
17%
tryin'
17%
live
16%
restless
16%
truth
16%
wreckage
16%
death
14%
ledge
13%
walked
13%
massage
10%
Song: Still Breathing
9%
No matching quizzes found
Score Distribution
Percent of People with Each Score
Percentile by Number Answered
Your Score History
You have not taken this quiz